Flood and Water Management Act 2010 (Record no. 110611)

MARC details
000 -LEADER
fixed length control field 01161cad a22002175a 4500
001 - CONTROL NUMBER
control field L149735
008 - FIXED-LENGTH DATA ELEMENTS--GENERAL INFORMATION
fixed length control field 100416e20100408xxk f lf000 0 eng d
035 ## - SYSTEM CONTROL NUMBER
System control number (Sirsi) u149735
041 0# - LANGUAGE CODE
Language code of text/sound track or separate title eng
110 2# - MAIN ENTRY--CORPORATE NAME
Corporate name or jurisdiction name as entry element United Kingdom
Form subheading Laws, etc
9 (RLIN) 5044
245 00 - TITLE STATEMENT
Title Flood and Water Management Act 2010
Medium [electronic resource]
260 ## - PUBLICATION, DISTRIBUTION, ETC.
Place of publication, distribution, etc. London
Name of publisher, distributor, etc. OPSI
Date of publication, distribution, etc. 2010
505 2# - FORMATTED CONTENTS NOTE
Formatted contents note Flood and Coastal Erosion Risk Management -- Miscellaneous -- Regulation of Provision of Infrastructure ? Schedules
520 ## - SUMMARY, ETC.
Summary, etc. Act implements several key recommendations of Sir Michael Pitt's Review of the summer 2007 floods. The provisions include new statutory responsibilities for managing flood risks, protection of assets which help manage flood risk and powers to carry out environmental works. For further information: http://www.defra.gov.uk/environment/flooding/policy/fwmb/index.htm
521 ## - TARGET AUDIENCE NOTE
Target audience note Advanced
590 ## - LOCAL NOTE (RLIN)
Local note KA NTK
651 #4 - SUBJECT ADDED ENTRY--GEOGRAPHIC NAME
Geographic name United Kingdom
Chronological subdivision
690 ## - LOCAL SUBJECT ADDED ENTRY--TOPICAL TERM (OCLC, RLIN)
Topical term or geographic name as entry element ENVIRONMENTAL AND LAND CONSULTANCY-WATER RESOURCE MANAGEMENT-FLOODING
856 40 - ELECTRONIC LOCATION AND ACCESS
Uniform Resource Identifier <a href="https://www.opsi.gov.uk/acts/acts2010/ukpga_20100029_en_1">https://www.opsi.gov.uk/acts/acts2010/ukpga_20100029_en_1</a>
Public note View the Act free of charge at www.opsi.gov.uk
942 ## - ADDED ENTRY ELEMENTS (KOHA)
Suppress in OPAC 0
Holdings
Withdrawn status Lost status Source of classification or shelving scheme Damaged status Not for loan Home library Current library Shelving location Date acquired Total Checkouts Full call number Barcode Date last seen Copy number Price effective from Koha item type
    Dewey Decimal Classification     Virtual Virtual Online 16/04/2010   L149735 149735-2001 06/08/2019 1 06/08/2019 Book